header

The Mason County "Hoo Doo" War, 1874-1902 (Record no. 68797)

MARC details
000 -LEADER
fixed length control field 01885nam a2200421 a 4500
082 04 - DEWEY DECIMAL CLASSIFICATION NUMBER
Classification number 976.4/605
100 1# - MAIN ENTRY--AUTHOR NAME
Personal name Johnson, David
245 14 - TITLE STATEMENT
Title The Mason County "Hoo Doo" War, 1874-1902
260 ## - PUBLICATION, DISTRIBUTION, ETC. (IMPRINT)
Place of publication Denton, Tex. :
Name of publisher University of North Texas Press,
Year of publication c2006.
300 ## - PHYSICAL DESCRIPTION
Number of Pages xiii, 332 p., [14] p. of plates :
Other physical details ill., maps.
490 1# - SERIES STATEMENT
Series statement A.C. Greene series ;
650 #0 - SUBJECT ADDED ENTRY--TOPICAL TERM
Topical Term Vendetta
Topical Term Violence
Topical Term Frontier and pioneer life
856 40 - ELECTRONIC LOCATION AND ACCESS
Uniform Resource Identifier http://site.ebrary.com/lib/rucke/Doc?id=10331596

No items available.

© 2026 Rongo University
Contact us: librarian | system librarian | Rongo university